Introduction to hydrogeology / (Record no. 666)

000 -LEADER
fixed length control field 00295 a2200109 4500
020 ## - INTERNATIONAL STANDARD BOOK NUMBER
International Standard Book Number 0072326220
082 ## - DEWEY DECIMAL CLASSIFICATION NUMBER
Classification number 551.49 DEM
100 ## - MAIN ENTRY--PERSONAL NAME
Personal name Deming, David,
245 ## - TITLE STATEMENT
Title Introduction to hydrogeology /
Statement of responsibility, etc. David Deming.
260 ## - PUBLICATION, DISTRIBUTION, ETC.
Place of publication, distribution, etc. Boston :
Name of publisher, distributor, etc. McGraw-Hill,
Date of publication, distribution, etc. c2002.
300 ## - PHYSICAL DESCRIPTION
Extent xi, 468 p. :
Other physical details ill. ;
Dimensions 25 cm.
650 ## - SUBJECT ADDED ENTRY--TOPICAL TERM
Topical term or geographic name entry element Hydrogeology.
Holdings
Withdrawn status Lost status Damaged status Not for loan Permanent Location Current Location Shelving location Date acquired Total Checkouts Full call number Barcode Date last seen Price effective from Koha item type
        School of Civil and Environmental Engineering (SCEE) School of Civil and Environmental Engineering (SCEE)       551.49 DEM NIT-579 01/05/2017 01/05/2017 Book
© 2023 Central Library, National University of Sciences and Technology. All Rights Reserved.